Tout les clubs d'Adama Traoré - Statistiques

Statistiques générales
  • Ce quiz a été pris 28 fois
  • Le résultat moyen est 8 sur 12
Statistiques - réponses
Saison Clubs % Correct
2022–2023 Barcelone
100%
2014–2015 Barcelone
100%
2013-2014 Barcelone
100%
2024–2025 Fullham
77%
2023–2024 Fullham
77%
2021–2022 Wolves
77%
2020–2021 Wolves
77%
2019–2020 Wolves
77%
2018–2019 Wolves
77%
2015–2016 Aston Villa
19%
2017–2018 Middlesbrough
19%
2016–2017 Middlesbrough
19%
Aucun quiz correspondant
Distribution des résultats
% des personnes avec chaque résultat
Percentile par nombre de réponses
Votre historique - résultats
Vous n’avez pas pris ce quiz